|
|
|
|
| LEADER |
00000ny a22000003n 4500 |
| 005 |
20110609125558.0 |
| 008 |
190908r20002008fr |||||s|||||||||||fre d |
| 020 |
|
|
|a 274300410X
|
| 035 |
|
|
|a 2286
|
| 040 |
|
|
|a BUAL
|d vlex
|
| 040 |
|
|
|a UMA.RE
|d vlex
|
| 080 |
|
|
|a 342(4)(0.034)
|
| 090 |
|
|
|c 612
|d 612
|
| 100 |
1 |
|
|a Rodrigues, Stp̌hane
|
| 245 |
1 |
3 |
|a La nouvelle rǧulation des services publics en Europe
|h [Recurso electrn̤ico]
|
| 256 |
|
|
|a Servicio en ln̕ea
|
| 260 |
|
|
|a [Paris] :
|b Lavoisier,
|c 2000
|
| 506 |
1 |
|
|a Contenido solo disponible en los productos indicados
|d vLex Global
|d vLex Global (Academic Edition, excluding Law Schools)
|d vLex Global (U.S. Academic Edition, Law Schools)
|d vLex Global (U.S. Academic Edition, excluding Law Schools)
|d vLex Global (Academic Edition, Law Schools)
|
| 650 |
0 |
4 |
|a Servicios Pb︢licos
|z Europa
|
| 740 |
0 |
|
|a vLex Libros (Servicios en ln̕ea)
|
| 856 |
4 |
0 |
|u http://vlex.com/source/2286
|z Acceso restringido
|
| 942 |
|
|
|c BOOK
|
| 999 |
0 |
|
|a Public Services
|z Europa
|